| 000 | 00625nam a22002297a 4500 | ||
|---|---|---|---|
| 008 | 131125b xxu||||| |||| 00| 0 eng d | ||
| 020 | _a0421780800 | ||
| 041 | 0 | _aeng | |
| 080 | _a343 | ||
| 240 | _aSweet&Maxwell's statute series | ||
| 245 | 0 | 0 | _aCriminal Law : |
| 250 | _aFifth edition | ||
| 260 |
_aLondon : _bSweet & maxwell ; _c2002. |
||
| 300 |
_a237 f. ; _c23 cm. |
||
| 490 | _aSweet & Maxwell's statues series | ||
| 500 | _aPreface to the first edition : f. V | ||
| 505 | _aIncludes indexes | ||
| 650 | 0 | _aE drejta penale | |
| 650 | 0 | _aKriminalistika | |
| 700 | 1 | _aI.H. Dennis, | |
| 942 |
_2udc _cBK |
||
| 999 |
_c349 _d349 |
||